00843cam a22002051a 4500001001300000003000400013005001700017008004100034010001700075035001900092040005600111050002200167111010100189245016500290260003300455300002500488500002200513650004900535700005300584e 09000995 DLC20260227111151.0821215s1890 mau 101 0 eng c ae 09000995  a(OCoLC)9056608 aU.S. Office of Education LibrarycNjUPMdNjUPMdDLC00aGV205b.C63 1889c2 aConference in the Interest of Physical Training (1889 :cMassachusetts Institute of Technology).10aPhysical training :ba full report of the papers and discussions of the conference held in Boston in November, 1889 /creported and edited by Isabel C. Barrows. aBoston :bG.H. Ellis,c1890. aiv, 135 p. ;c24 cm. aIncludes indexes. 0aPhysical education and trainingxCongresses.1 aBarrows, Isabel C.q(Isabel Chapin),d1845-1913.